[Event "Augsburg Afro op"]
[Site "Augsburg"]
[Date "2003.08.09"]
[Round "6"]
[White "Porsche, Lars"]
[Black "Lanzinner, Denis"]
[Result "1/2-1/2"]
[WhiteElo "1700"]
[BlackElo "1881"]
[PlyCount "91"]
[EventDate "2003.08.06"]
[EventType "swiss"]
[EventRounds "7"]
[EventCountry "GER"]
[SourceTitle "EXT 2006"]
[Source "ChessBase"]
[SourceDate "2005.11.24"]
[SourceVersion "1"]
[SourceVersionDate "2005.11.24"]
[SourceQuality "1"]

1. c4 e5 2. Nc3 Nc6 3. g3 d6 4. Bg2 Be6 5. d3 g6 6. Nf3 Bg7 7. 0-0 f5 8. Rb1 Nf6 9. Ng5 Bc8 10. Nf3 h6 11. Qc2 0-0 12. Qb3 Kh7 13. Qc2 Be6 14. b4 Nh5 15. b5 Ne7 16. Nd5 Ng8 17. d4 e4 18. Nh4 g5 19. Nxf5 Bxf5 20. Bxe4 Bxe4 21. Qxe4+ Kh8 22. f4 gxf4 23. Nxf4 Nxf4 24. Bxf4 Qe8 25. Qd3 Nf6 26. Rbd1 Qe4 27. Qd2 Kh7 28. h3 Nh5 29. e3 Nxf4 30. Rxf4 Rxf4 31. gxf4 Bf6 32. Kh2 Rg8 33. Rg1 Rxg1 34. Kxg1 Bh4 35. Kh2 Qf3 36. Qg2 Qxg2+ 37. Kxg2 Bf6 38. Kf3 Kg6 39. Ke4 c6 40. a4 Be7 41. a5 Kf6 42. a6 bxa6 43. bxa6 Ke6 44. d5+ cxd5+ 45. cxd5+ Kf6 46. Kf3 1/2-1/2